Score 0/16 Timer 05:00
1 Play Today
The Question Close? % Correct
First natural number to contain a letter 'y'???
89.4%
Letters in the Greek Alphabet???
89.2%
Consonants in either the French or German alphabet???
79.5%
Total number of letters not appearing anywhere on the symbols of the Periodic Table of Elements???
79.1%
Number of US Top 1000 baby names of 2017 that were also a letter in the NATO phonetic alphabet???
73.5%
Value of German number 'sechsundsiebzig'???
62.7%
Number of prepositions in the Top 100 Most Common English Words???
48.8%
Number of times the letter 'e' appears anywhere in the text of the 50,000 word novel 'Gadsby' (online Project Gutenberg version)???
44.2%
The Question Close? % Correct
Number of official languages in India???
39.6%
Number of different words used in Dr. Seuss's 'Green Eggs and Ham'???
37.3%
Number of letters in the longest word in the English language published in the Oxford English Dictionary???
28.9%
Only number to be alphabetically in order by individual letters???
26.7%
Number of countries with legal recognition of a Sign Language???
25.5%
Number of letters in the longest officially recognized place name in an English-speaking country???
21.6%
Words spoken by the Terminator (in his own voice) in the 1984 movie of the same name???
11.1%
Letters of the Khmer Alphabet of Cambodia???
6.9%
Remove Ads.
Support Sporcle.
Get the best of Sporcle when you Go Orange. This ad-free experience offers more features, more stats, and more fun while also helping to support Sporcle. Thank you for becoming a member.

You're not logged in!

Compare scores with friends on all Sporcle quizzes.
OR
Log In

Sporcle TV

Today on Sporcle TV


Watch our educational content, quiz creation guides, and fun videos on Sporcle TV.

Show Comments

Extras

Top Quizzes Today


Score Distribution

Paid Content

Your Account Isn't Verified!

In order to create a playlist on Sporcle, you need to verify the email address you used during registration. Go to your Sporcle Settings to finish the process.

Report this User

Report this user for behavior that violates our Community Guidelines.

Details: